Sélection de tuiles - Éléments du tableau périodique - Statistiques

Statistiques générales
  • Ce quiz a été pris 41 fois
  • Le résultat moyen est 47 sur 60
Statistiques - réponses
Question Tuile Select % Correct
Les métaux Cuivre Oui
100%
Les éléments avec un symbole d'une seule lettre Cuivre Non
100%
Les métaux Or Oui
100%
Les métaux Soufre Non
100%
Les gaz nobles Ammoniac Non
97%
Les métaux Azote Non
97%
Les éléments avec un symbole d'une seule lettre Chlore Non
97%
Les éléments avec un symbole d'une seule lettre Indium Non
97%
Les métaux Néon Non
97%
Les métaux Phosphore Non
97%
Les gaz nobles Béryllium Non
95%
Les éléments avec un symbole d'une seule lettre Carbone Oui
95%
Les gaz nobles Xénon Oui
95%
Les métaux Zinc Oui
95%
Les métaux Aluminium Oui
92%
Les éléments nommés d'après des scientifiques Calcium Non
92%
Les gaz nobles Fluor Non
92%
Les éléments avec un symbole d'une seule lettre Sodium Non
92%
Les éléments nommés d'après des scientifiques Titane Non
92%
Les éléments avec un symbole d'une seule lettre Uranium Oui
92%
Les éléments avec un symbole d'une seule lettre Zinc Non
92%
Les gaz nobles Azote Non
89%
Les éléments nommés d'après des scientifiques Hélium Non
89%
Les éléments avec un symbole d'une seule lettre Hydrogène Oui
89%
Les gaz nobles Néon Oui
89%
Les éléments découverts avant 1800 Actinium Non
87%
Les éléments nommés d'après des scientifiques Einsteinium Oui
87%
Les gaz nobles Hydrogène Non
87%
Les gaz nobles Oxygène Non
87%
Les gaz nobles Argon Oui
84%
Les éléments avec un symbole d'une seule lettre Bore Oui
84%
Les métaux Carbone Non
84%
Les éléments nommés d'après des scientifiques Mendelevium Oui
84%
Les éléments nommés d'après des scientifiques Manganèse Non
82%
Les éléments découverts avant 1800 Mercure Oui
82%
Les éléments avec un symbole d'une seule lettre Potassium Oui
82%
Les éléments découverts avant 1800 Gallium Non
79%
Les éléments découverts avant 1800 Plomb Oui
79%
Les éléments avec un symbole d'une seule lettre Tungstène Oui
79%
Les gaz nobles Radon Oui
76%
Les éléments nommés d'après des scientifiques Bohrium Oui
74%
Les éléments nommés d'après des scientifiques Curium Oui
74%
Les éléments nommés d'après des scientifiques Rhodium Non
74%
Les éléments découverts avant 1800 Soufre Oui
74%
Les gaz nobles Krypton Oui
71%
Les gaz nobles Hélium Oui
68%
Les métaux Silicium Non
68%
Les éléments nommés d'après des scientifiques Fermium Oui
66%
Les éléments découverts avant 1800 Iode Non
66%
Les éléments nommés d'après des scientifiques Rhénium Non
66%
Les éléments nommés d'après des scientifiques Gallium Non
55%
Les éléments avec un symbole d'une seule lettre Vanadium Oui
53%
Les éléments découverts avant 1800 Calcium Non
50%
Les éléments découverts avant 1800 Étain Oui
50%
Les éléments découverts avant 1800 Nickel Oui
47%
Les éléments découverts avant 1800 Platine Oui
39%
Les éléments découverts avant 1800 Hélium Non
37%
Les éléments découverts avant 1800 Sodium Non
37%
Les métaux Potassium Oui
32%
Les métaux Sodium Oui
21%
Aucun quiz correspondant
Distribution des résultats
% des personnes avec chaque résultat
Percentile par nombre de réponses
Votre historique - résultats
Vous n’avez pas pris ce quiz